rnb artist by album cover - Statistics

General Stats
  • This quiz has been taken 358 times
  • The average score is 8 of 12
Answer Stats
Picture Answer % Correct
sza
99%
alicia keys
90%
bryson tiller
85%
her
84%
mary j blige
79%
brent faiyaz
69%
jhene aiko
68%
summer walker
61%
chris brown
60%
khalid
51%
jeremih
48%
partynextdoor
47%
No matching quizzes found
Score Distribution
Percent of People with Each Score
Percentile by Number Answered
Your Score History
You have not taken this quiz